000 00972nam a2200205Ia 4500
999 _c51081
_d51081
001 18038
003 GE_BSU
005 20241101155118.0
008 181216s1979||||ge |||||||||||||| ||geo||
020 _a0134-9899
040 _cGE_BSU
041 _ageo
080 _a811.353(058) ი-31
245 _cსარედ. კოლ. ვ. აბაევი., შ. არისთავა., და სხვ. რედ. ა. ჩიქობავა
_aიბერიულ-კავკასიური ენათმეცნიერების წელიწდეული = Ежегодник ибенийско-кавказского языкознания = Anual of ibero-caucasian linguistics /
_b ტ. VI /
264 _aთბილისი :
_bმეცნიერება,
_c1979.
300 _a413 გვ.;
_b26 სმ.
653 _aკავკასიური ენები
653 _aწელიწდეულები
942 _cBK
_2udc